Akcie znehodnocujú kvalitu

Trh s nealkoholickými nápojmi rastie zásluhou častejších nákupov slovenských domácností a priemerné ceny tohto sortimentu majú naďalej tendenciu klesať. Preferencie v spotrebe nealkoholických nápojov. Trendy vo vývoji. Promočné akcie - zásahy do receptúr - znehodnocovanie kvality značkových výrobkov...

ver descrição completa

Na minha lista:
Detalhes bibliográficos
Autor principal: Košťál, Daniel
Formato: Capítulo de Livro
Idioma:eslovaco
Assuntos:
Tags: Adicionar Tag
Sem tags, seja o primeiro a adicionar uma tag!

MARC

LEADER 00000naa$a2200000$$$4500
001 0052756
005 20231128092517.3
041 0 |a slo 
044 |a SK 
245 1 0 |a Akcie znehodnocujú kvalitu  |c Daniel Košťál 
520 |a Trh s nealkoholickými nápojmi rastie zásluhou častejších nákupov slovenských domácností a priemerné ceny tohto sortimentu majú naďalej tendenciu klesať. Preferencie v spotrebe nealkoholických nápojov. Trendy vo vývoji. Promočné akcie - zásahy do receptúr - znehodnocovanie kvality značkových výrobkov. 
610 2 0 |a nápoje nealkoholické 
610 2 0 |a trh výrobkov 
610 2 0 |a Slovensko 
610 2 0 |a kvalita výrobkov 
100 1 |a Košťál, Daniel